| 000 | 00523nam a22001457a 4500 | ||
|---|---|---|---|
| 999 |
_c26314 _d26314 |
||
| 082 | _aRK.0248 | ||
| 100 |
_aKamble, Prakash.S _uDepartment of Economics, Shivaji University _vKolhapur |
||
| 245 | _aSocial Sector Development for Inclusive Growth of Maharashtra | ||
| 260 |
_akolhapur _c2014 |
||
| 300 | _a469p. | ||
| 504 | _aEncluded Bibliography | ||
| 536 | _aIndian Council For Social Science Research, New Delhi | ||
| 650 |
_aMetamorphosis _vSocial Sector development _vCollection Social _zMaharashtra |
||
| 942 |
_cRP _2ddc |
||